[Event "10. ArberSchach Festival Open 2023"]
[Site "Bodenmais"]
[Date "2023.08.09"]
[Round "5.19"]
[White "Drews, Rüdiger"]
[Black "Braun, Hans"]
[Result "1/2-1/2"]
[WhiteElo "1894"]
[BlackElo "1761"]
[PlyCount "43"]
[EventDate "2023.??.??"]
[WhiteTeam "Mosbacher SC"]
[BlackTeam "SG Ludwigsburg"]

{[%evp 0,43,17,-9,10,10,18,-24,-2,-2,0,-6,0,16,26,16,22,8,10,-13,-3,-26,-19,-8,-9,-8,-10,-2,2,28,28,36,35,-15,7,0,0,-16,13,1,4,3,14,-3,-5,-2]} 1. c4 e6 2. Nf3 d5 3. g3 Nf6 4. Bg2 Be7 5. O-O O-O 6. d4 c6 7. Qc2 b6 8. Rd1 Nbd7 9. cxd5 cxd5 10. Nc3 Bb7 11. Bf4 Rc8 12. Rac1 Ne4 13. Qb3 Nd6 14. Nb5 Nxb5 15. Qxb5 Nb8 16. Ne5 Qe8 17. Qb3 Nc6 18. Nxc6 Rxc6 19. Rxc6 Bxc6 20. Rc1 Qa8 21. Bf1 Rc8 22. h4 1/2-1/2

[Event "10. ArberSchach Festival Open 2023"]
[Site "Bodenmais"]
[Date "2023.08.09"]
[Round "5.20"]
[White "Pekrul, Jürgen"]
[Black "Lanz, Udo"]
[Result "1-0"]
[WhiteElo "1891"]
[BlackElo "1744"]
[PlyCount "52"]
[EventDate "2023.??.??"]
[WhiteTeam "VfL Gera"]
[BlackTeam "VSG Offenbach"]

{[%evp 0,52,17,20,75,-10,-2,-11,-13,-23,-8,-23,21,25,55,48,71,58,58,-28,63,-22,113,88,133,-135,37,31,40,25,17,17,18,16,22,20,106,131,303,302,418,265,264,265,393,468,550,598,744,743,786,795,29993,29994,29995]} 1. d4 f5 2. e4 fxe4 3. Nc3 Nf6 4. Bg5 g6 5. f3 exf3 6. Nxf3 Bg7 7. Bc4 e6 8. Qe2 O-O 9. O-O-O Nc6 10. h4 Qe8 11. Nb5 Qf7 12. Bxf6 Bxf6 13. d5 Na5 14. Nxc7 Nxc4 15. Qxc4 Rb8 16. Rhf1 Qg7 17. Qb3 e5 18. d6+ Qf7 19. Nd5 Kg7 20. Ng5 Bxg5+ 21. hxg5 Qxf1 22. Rxf1 Rxf1+ 23. Kd2 b6 24. Qe3 Bb7 25. Qxe5+ Kf7 26. Qe7+ Kg8 1-0

[Event "10. ArberSchach Festival Open 2023"]
[Site "Bodenmais"]
[Date "2023.08.09"]
[Round "5.21"]
[White "Wild, Helmut"]
[Black "Scheuerer, Werner"]
[Result "1-0"]
[WhiteElo "1895"]
[BlackElo "1750"]
[PlyCount "35"]
[EventDate "2023.??.??"]
[WhiteTeam "SK Gau-Algesheim"]
[BlackTeam "SC Garching"]

{[%evp 0,35,17,-9,14,-3,36,42,42,36,42,33,44,23,32,30,31,39,28,34,45,40,46,28,39,50,65,36,75,40,86,78,88,72,83,76,348,344]} 1. c4 d6 2. e4 g6 3. d4 Bg7 4. Nc3 Nf6 5. Be2 c5 6. Nf3 cxd4 7. Nxd4 O-O 8. O-O Nc6 9. Be3 a6 10. Rc1 Bd7 11. f3 Rc8 12. Qd2 Re8 13. Rfd1 h5 14. Bf1 Nh7 15. Nb3 Be6 16. Qf2 Qc7 17. Nd5 Bxd5 18. cxd5 1-0

[Event "10. ArberSchach Festival Open 2023"]
[Site "Bodenmais"]
[Date "2023.08.09"]
[Round "5.24"]
[White "Siegismund, Bernd"]
[Black "Mayr, Guenter"]
[Result "1/2-1/2"]
[WhiteElo "1764"]
[BlackElo "1845"]
[PlyCount "55"]
[EventDate "2023.??.??"]
[WhiteTeam "SK Bad Schwalbach"]
[BlackTeam "RW Klettham"]

{[%evp 0,55,20,16,44,39,39,36,-1,0,2,-7,-4,-12,-5,-15,4,-9,42,5,73,55,59,47,98,98,118,131,116,123,125,120,114,121,135,41,45,13,42,32,36,47,36,-13,4,11,-13,0,0,13,14,22,61,32,27,0,0,0]} 1. e4 e6 2. d4 d5 3. e5 c5 4. c3 Nc6 5. Nf3 Bd7 6. a3 Nge7 7. b4 cxd4 8. cxd4 b5 9. Bd3 Nf5 10. Bxf5 exf5 11. Nc3 Be6 12. Nxb5 Qb6 13. Nc3 Be7 14. O-O O-O 15. Na4 Qb5 16. Nc5 a5 17. Nxe6 fxe6 18. bxa5 Rxa5 19. a4 Qc4 20. Bd2 Raa8 21. Qc1 Nxd4 22. Qxc4 Nxf3+ 23. gxf3 dxc4 24. Rfc1 Rfc8 25. a5 Bc5 26. Kg2 Bd4 27. Bc3 Bxc3 28. Rxc3 1/2-1/2

[Event "10. ArberSchach Festival Open 2023"]
[Site "Bodenmais"]
[Date "2023.08.09"]
[Round "5.29"]
[White "Skibbe, Peter"]
[Black "Desoye, Gernot"]
[Result "0-1"]
[WhiteElo "1484"]
[BlackElo "1822"]
[PlyCount "84"]
[EventDate "2023.??.??"]
[WhiteTeam "ESV Gera"]
[BlackTeam "Schachfreunde Graz"]

{[%evp 0,84,20,20,20,0,22,23,23,20,15,7,10,14,8,6,-2,-16,-12,-41,-41,-41,-32,-36,-43,-35,-35,-33,-31,-24,-33,-110,-90,24,59,-88,-78,-89,-79,-105,-109,-96,-96,-123,-123,-149,-185,-176,-189,-220,-262,-240,-344,-362,-358,-364,-363,-361,-370,-362,-365,-362,-371,-398,-398,-397,-392,-392,-383,-450,-457,-444,-433,-489,-410,-410,-423,-1167,-1231,-1230,-1311,-1321,-1362,-29997,-29998,-29999,-30000]} 1. d4 d5 2. c4 c6 3. cxd5 cxd5 4. Nc3 Nf6 5. Nf3 Nc6 6. e3 a6 7. Bd2 Bf5 8. a3 e6 9. Be2 h6 10. O-O Bd6 11. Rc1 O-O 12. Na4 Ne4 13. Nc5 Qe7 14. Nxe4 dxe4 15. Ne5 Nxe5 16. dxe5 Bxe5 17. Bc3 Rfd8 18. Qe1 Bd6 19. f4 exf3 20. Bxf3 Bd3 21. Be2 Bc5 22. Bxd3 Rxd3 23. Rf3 Qg5 24. Bd2 Rad8 25. Rc2 Qd5 26. Rf2 Bxe3 27. Bxe3 Rd1 28. Rf1 Rxe1 29. Rxe1 Qb3 30. Rce2 e5 31. g3 f6 32. Kf2 Qe6 33. Kg2 h5 34. Bd2 h4 35. Bc3 Rd3 36. Re3 Qd5+ 37. Kh3 hxg3 38. hxg3 Rxe3 39. Rxe3 Qh1+ 40. Kg4 g6 41. Bxe5 Qh5+ 42. Kf4 Qf5# 0-1

[Event "10. ArberSchach Festival Open 2023"]
[Site "Bodenmais"]
[Date "2023.08.09"]
[Round "5.30"]
[White "Hof, Hasso"]
[Black "Wickert, Detlef"]
[Result "1-0"]
[WhiteElo "1676"]
[BlackElo "1963"]
[PlyCount "45"]
[EventDate "2023.??.??"]
[WhiteTeam "SC Grunbach"]
[BlackTeam "TSV Cadenberge"]

{[%evp 0,45,20,32,44,38,79,58,61,30,30,25,25,4,4,9,30,-9,-2,1,3,-11,-24,-8,11,-11,12,-15,-2,-13,16,-6,7,-8,50,44,23,24,28,2,79,25,43,51,391,392,391,401]} 1. e4 c5 2. Nf3 d6 3. d4 cxd4 4. Nxd4 Nf6 5. Bd3 e5 6. Ne2 Nc6 7. Nbc3 d5 8. Bg5 dxe4 9. Nxe4 Be7 10. Nxf6+ Bxf6 11. Be3 O-O 12. c3 Qe7 13. Qc2 g6 14. O-O b6 15. Be4 Bb7 16. Ng3 Bg5 17. Bxg5 Qxg5 18. Rfe1 Rad8 19. Rad1 h5 20. Qe2 h4 21. Nf1 f5 22. Bxc6 Bxc6 23. Qc4+ 1-0

[Event "10. ArberSchach Festival Open 2023"]
[Site "Bodenmais"]
[Date "2023.08.10"]
[Round "6.4"]
[White "Fuchs, Michael"]
[Black "Senner, Peter"]
[Result "1/2-1/2"]
[WhiteElo "1988"]
[BlackElo "2158"]
[PlyCount "31"]
[EventDate "2023.??.??"]
[WhiteTeam "DJK SF Haselbach"]
[BlackTeam "SC TH/Bad Wörishofen"]

{[%evp 0,31,29,36,101,73,88,71,84,67,62,16,16,16,1,0,25,23,24,12,23,13,31,11,12,9,3,2,2,-64,0,-79,2,-1]} 1. e4 g6 2. d4 Bg7 3. Nc3 d6 4. Bg5 c5 5. Bb5+ Bd7 6. Bxd7+ Nxd7 7. Nge2 Qa5 8. Be3 Ngf6 9. f3 O-O 10. O-O Rac8 11. a3 cxd4 12. Bxd4 Ne5 13. Nc1 a6 14. Kh1 Rfd8 15. f4 Nc6 16. Nb3 1/2-1/2

[Event "10. ArberSchach Festival Open 2023"]
[Site "Bodenmais"]
[Date "2023.08.10"]
[Round "6.6"]
[White "Paus, Franz"]
[Black "Herbold, Manfred"]
[Result "1/2-1/2"]
[WhiteElo "1994"]
[BlackElo "2113"]
[PlyCount "40"]
[EventDate "2023.??.??"]
[WhiteTeam "Schachfüchse Kempen"]
[BlackTeam "TSG Eisenberg Schach"]

{[%evp 0,40,28,26,27,-12,-11,0,43,33,42,35,38,0,-2,-4,17,8,1,0,38,-1,9,6,14,3,7,-12,-20,-31,-32,-37,-23,-20,-6,-16,-10,-43,-18,-32,-36,-23,-36]} 1. d4 Nf6 2. c4 e6 3. Nf3 Bb4+ 4. Nc3 c5 5. e3 O-O 6. Qc2 d5 7. Bd2 cxd4 8. exd4 Nc6 9. a3 Be7 10. cxd5 exd5 11. h3 Re8 12. Be3 Ne4 13. Bd3 Bf5 14. O-O Bf6 15. Rad1 Nxc3 16. Qxc3 Bxd3 17. Qxd3 Re4 18. Qb5 Qd7 19. b4 a6 20. Qd3 h6 1/2-1/2

[Event "10. ArberSchach Festival Open 2023"]
[Site "Bodenmais"]
[Date "2023.08.10"]
[Round "6.7"]
[White "Rieling, Thomas"]
[Black "Pommrich, Rainer"]
[Result "1/2-1/2"]
[WhiteElo "2085"]
[BlackElo "1937"]
[PlyCount "49"]
[EventDate "2023.??.??"]
[WhiteTeam "SC Diogenes"]
[BlackTeam "USV Halle"]

{[%evp 0,49,26,21,46,79,80,7,17,20,14,16,53,43,34,19,46,-13,-17,-17,-16,19,28,11,85,75,75,82,97,117,101,108,141,150,157,157,139,139,156,135,142,37,26,-31,0,-55,-53,-64,-54,-67,-59,-68]} 1. e4 c5 2. Nc3 Nc6 3. g3 g6 4. Bg2 Bg7 5. d3 e6 6. Be3 d6 7. Qd2 Nd4 8. Nd1 Ne7 9. c3 Ndc6 10. Bh6 O-O 11. h4 Ne5 12. Bxg7 Kxg7 13. h5 Rh8 14. Ne3 f6 15. O-O-O Rb8 16. Ne2 b5 17. d4 cxd4 18. Qxd4 Rb6 19. f4 Nf7 20. h6+ Nxh6 21. e5 Nef5 22. exf6+ Qxf6 23. Nxf5+ Nxf5 24. Qf2 h5 25. Bf3 1/2-1/2

[Event "10. ArberSchach Festival Open 2023"]
[Site "Bodenmais"]
[Date "2023.08.10"]
[Round "6.8"]
[White "Stupperich, Reiner"]
[Black "Skibbe, Diana"]
[Result "1-0"]
[WhiteElo "2037"]
[BlackElo "1938"]
[PlyCount "61"]
[EventDate "2023.??.??"]
[WhiteTeam "SF Lennestadt"]
[BlackTeam "SC Zeulenroda"]

{[%evp 0,61,21,17,74,56,82,45,35,34,65,38,43,36,71,39,41,23,13,21,10,1,53,51,51,4,40,56,61,33,25,27,32,75,74,65,86,86,126,161,186,172,198,151,201,156,197,146,210,152,380,245,251,253,317,391,442,429,438,466,512,511,892,958]} 1. Nf3 d6 2. d4 g6 3. g3 Bg7 4. Bg2 f5 5. c3 Nf6 6. Qb3 c6 7. Bg5 Qb6 8. Nbd2 Qxb3 9. axb3 Be6 10. O-O h6 11. Bxf6 Bxf6 12. Nc4 Bxc4 13. bxc4 Nd7 14. Nd2 e5 15. dxe5 dxe5 16. e4 f4 17. b4 Kd8 18. Bh3 Rh7 19. c5 b5 20. cxb6 Nxb6 21. Nb3 Be7 22. Ra6 Kc7 23. Rd1 Kb7 24. Bf1 Bd8 25. c4 Nd7 26. c5 Bc7 27. b5 Nb8 28. bxc6+ Nxc6 29. Rb1 Ne7 30. Nd4+ Kc8 31. Bh3+ 1-0

[Event "10. ArberSchach Festival Open 2023"]
[Site "Bodenmais"]
[Date "2023.08.10"]
[Round "6.9"]
[White "Laqua, Christian"]
[Black "Pekrul, Jürgen"]
[Result "1/2-1/2"]
[WhiteElo "2082"]
[BlackElo "1891"]
[PlyCount "35"]
[EventDate "2023.??.??"]
[WhiteTeam "SC Diogenes"]
[BlackTeam "VfL Gera"]

{[%evp 0,35,21,-5,0,-37,22,23,11,17,26,-12,-12,-14,-14,6,2,-6,22,4,47,49,83,77,77,76,63,60,60,69,80,113,98,41,24,13,13,-2]} 1. c4 Nf6 2. g3 g6 3. Bg2 Bg7 4. Nc3 e5 5. e4 O-O 6. Nge2 d6 7. O-O Be6 8. d3 Qd7 9. b3 c6 10. d4 Bh3 11. dxe5 dxe5 12. Qxd7 Bxd7 13. Ba3 Re8 14. Rad1 b5 15. cxb5 cxb5 16. Nd5 Nxd5 17. exd5 Na6 18. Rc1 1/2-1/2

[Event "10. ArberSchach Festival Open 2023"]
[Site "Bodenmais"]
[Date "2023.08.10"]
[Round "6.11"]
[White "Reuter, Roland"]
[Black "Pühn, Georg"]
[Result "1/2-1/2"]
[WhiteElo "1847"]
[BlackElo "2007"]
[PlyCount "28"]
[EventDate "2023.??.??"]
[WhiteTeam "SK Schwabach"]
[BlackTeam "SW Nürnberg Süd"]

{[%evp 0,28,20,17,27,0,0,-21,-9,-19,-19,-10,5,-9,-10,-39,23,-6,25,-17,-25,-25,-27,-27,-29,-36,-28,-44,-46,-39,-30]} 1. Nf3 Nf6 2. c4 e6 3. g3 d5 4. Bg2 dxc4 5. Qa4+ Nbd7 6. Qxc4 a6 7. d4 Be7 8. O-O O-O 9. Nc3 b5 10. Qd3 Bb7 11. Bf4 c5 12. dxc5 Nxc5 13. Qxd8 Rfxd8 14. Ne5 Bxg2 1/2-1/2

[Event "10. ArberSchach Festival Open 2023"]
[Site "Bodenmais"]
[Date "2023.08.10"]
[Round "6.12"]
[White "Nagy, Laszlo"]
[Black "Hamlack, Heinz"]
[Result "1-0"]
[WhiteElo "1894"]
[BlackElo "2002"]
[PlyCount "83"]
[EventDate "2023.??.??"]
[WhiteTeam "SG Vogtareuth-Prutting"]
[BlackTeam "SK Bad Neustadt"]

{[%evp 0,68,20,23,27,-7,9,23,21,23,4,17,12,6,-1,-4,9,0,6,10,20,-12,18,22,31,9,14,-14,37,-21,-11,-23,15,32,57,64,74,92,73,107,117,121,121,125,129,116,148,114,114,81,75,105,100,56,53,79,117,118,237,233,248,248,332,320,483,390,580,586,599,649,763]} 1. Nf3 Nf6 2. g3 g6 3. Bg2 Bg7 4. O-O O-O 5. c4 c5 6. Nc3 Nc6 7. d3 d6 8. a3 Rb8 9. Rb1 Nd4 10. b4 Nxf3+ 11. Bxf3 Bh3 12. Re1 Nd7 13. Ne4 Ne5 14. Bh1 cxb4 15. axb4 b5 16. c5 d5 17. Ng5 Bg4 18. Bf4 Rc8 19. h3 h6 20. hxg4 hxg5 21. Bxg5 Qd7 22. Bf3 f5 23. gxf5 Rxf5 24. Bf4 Nxf3+ 25. exf3 e5 26. Bd2 Rcf8 27. f4 exf4 28. Bxf4 g5 29. Bd6 R8f7 30. Qg4 Qd8 31. Re2 Bc3 32. d4 Kg7 33. Be5+ Kg6 34. Rb3 Qf8 35. f4 Rxe5 36. dxe5 Bd4+ 37. Kg2 Rf5 38. Ra3 Qc8 39. Rxa7 Bc3 40. e6 d4 41. e7 Qc6+ 42. Kg1 1-0

[Event "10. ArberSchach Festival Open 2023"]
[Site "Bodenmais"]
[Date "2023.08.10"]
[Round "6.17"]
[White "Schönfeld, Volker"]
[Black "Wild, Helmut"]
[Result "1/2-1/2"]
[WhiteElo "1957"]
[BlackElo "1895"]
[PlyCount "38"]
[EventDate "2023.??.??"]
[WhiteTeam "VfL Gera"]
[BlackTeam "SK Gau-Algesheim"]

{[%evp 0,38,23,26,75,75,58,37,51,36,39,42,57,44,44,23,23,23,33,18,32,33,41,19,16,10,10,10,31,13,13,2,10,15,13,19,37,32,34,27,62]} 1. e4 c6 2. d4 d5 3. Nc3 dxe4 4. Nxe4 Bf5 5. Ng3 Bg6 6. h4 h6 7. Nf3 Nd7 8. h5 Bh7 9. Bd3 Bxd3 10. Qxd3 Qc7 11. Bd2 Ngf6 12. Ne4 Nxe4 13. Qxe4 Nf6 14. Qe2 e6 15. O-O-O O-O-O 16. Kb1 Bd6 17. c4 c5 18. Bc3 cxd4 19. Bxd4 Bc5 1/2-1/2

[Event "10. ArberSchach Festival Open 2023"]
[Site "Bodenmais"]
[Date "2023.08.10"]
[Round "6.18"]
[White "Reuter, Markus"]
[Black "Steinmacher, Josef"]
[Result "1/2-1/2"]
[WhiteElo "1695"]
[BlackElo "1984"]
[PlyCount "54"]
[EventDate "2023.??.??"]
[WhiteTeam "SG Niederkassel"]
[BlackTeam "SK Klingenberg"]

{[%evp 0,54,23,23,27,0,0,0,6,-10,21,14,14,22,46,46,27,43,65,40,48,34,36,8,96,19,16,4,13,5,-2,-12,-17,-35,-31,-46,-46,-46,-50,-71,-75,-80,-69,-76,-49,-52,-43,-60,-21,-44,-42,-47,-44,-60,-19,-15,168]} 1. d4 Nf6 2. c4 e6 3. Nc3 d5 4. Bg5 Be7 5. e3 O-O 6. Nf3 c6 7. Rc1 Nbd7 8. Bd3 a6 9. cxd5 cxd5 10. O-O h6 11. Bh4 Re8 12. Bb1 b5 13. Qd3 b4 14. Ne2 a5 15. Qd1 Ba6 16. Re1 Qb6 17. Bxf6 Nxf6 18. Ne5 Rec8 19. Ng3 Rxc1 20. Qxc1 Rc8 21. Qd1 Bb5 22. Nh5 Qc7 23. f4 Qd8 24. Nxf6+ Bxf6 25. Ng4 Be7 26. Qf3 f5 27. Ne5 Bd6 1/2-1/2

[Event "10. ArberSchach Festival Open 2023"]
[Site "Bodenmais"]
[Date "2023.08.10"]
[Round "6.20"]
[White "Schröder, Klaus"]
[Black "Drews, Rüdiger"]
[Result "0-1"]
[WhiteElo "1759"]
[BlackElo "1894"]
[PlyCount "51"]
[EventDate "2023.??.??"]
[WhiteTeam "SC Karlsdorf"]
[BlackTeam "Mosbacher SC"]

{[%evp 0,51,23,19,27,27,61,36,33,44,55,31,31,35,37,49,49,43,45,45,53,-6,0,-1,16,-23,-28,-26,-35,-58,-51,-62,-81,-106,-99,-99,-68,-55,-85,-94,-67,-131,-103,-142,-147,-241,-250,-247,-245,-246,-250,-277,-216,-489]} 1. d4 Nf6 2. Nf3 g6 3. c4 Bg7 4. Nc3 O-O 5. e4 d6 6. Be2 e5 7. dxe5 dxe5 8. Bg5 Qxd1+ 9. Rxd1 Nbd7 10. Bxf6 Nxf6 11. O-O c6 12. Rd6 Ne8 13. Rd3 Nc7 14. Rfd1 Ne6 15. b4 Nd4 16. Nxd4 exd4 17. Na4 Be6 18. R3d2 b6 19. a3 Rfc8 20. Nb2 c5 21. b5 a6 22. Na4 Rcb8 23. bxa6 Rxa6 24. Nb2 Rxa3 25. Rc2 Rb3 26. Ra1 0-1

[Event "10. ArberSchach Festival Open 2023"]
[Site "Bodenmais"]
[Date "2023.08.10"]
[Round "6.21"]
[White "Braun, Hans"]
[Black "Kievelitz, Bernd"]
[Result "1/2-1/2"]
[WhiteElo "1761"]
[BlackElo "1792"]
[PlyCount "97"]
[EventDate "2023.??.??"]
[WhiteTeam "SG Ludwigsburg"]
[BlackTeam "SC Zitadelle Spandau"]

{[%evp 0,97,23,22,27,26,47,33,31,28,60,14,16,5,-4,2,-11,-6,-6,-13,-4,-5,1,-26,-23,-24,-32,-35,-22,-59,-79,-89,-79,-83,-83,-92,-88,-90,-73,-85,-5,-12,-12,-22,-26,-25,-24,-33,4,18,18,19,53,51,52,53,53,55,42,70,76,48,64,66,67,70,67,64,65,67,84,81,104,100,110,106,111,107,107,108,104,95,91,86,86,86,112,111,110,106,102,101,106,102,101,101,102,101,101,101]} 1. d4 Nf6 2. Nf3 b6 3. Bg5 Bb7 4. e3 g6 5. Bxf6 exf6 6. Nbd2 Bg7 7. Bd3 f5 8. c3 O-O 9. O-O d6 10. Re1 Nd7 11. Rc1 Nf6 12. Qc2 Re8 13. Bb5 Re7 14. Qd3 a6 15. Bc4 b5 16. Bb3 c5 17. Qf1 Ne4 18. Bc2 Nxd2 19. Nxd2 Be4 20. Nxe4 fxe4 21. dxc5 dxc5 22. Rcd1 Qc7 23. Qe2 Rd8 24. Rxd8+ Qxd8 25. Rd1 Rd7 26. Rxd7 Qxd7 27. Bxe4 Qe6 28. Bb1 b4 29. cxb4 cxb4 30. b3 Qf6 31. g3 Qb2 32. Qxb2 Bxb2 33. Kf1 a5 34. Ke2 Bf6 35. Kd3 g5 36. Ke4 h5 37. Kf5 Kg7 38. h3 h4 39. gxh4 gxh4 40. Bd3 Bc3 41. Bc4 Be1 42. f4 Bd2 43. e4 f6 44. e5 fxe5 45. fxe5 Kf8 46. Ke6 Bg5 47. Kd7 Be7 48. Kc7 Bg5 49. Kd7 1/2-1/2

[Event "10. ArberSchach Festival Open 2023"]
[Site "Bodenmais"]
[Date "2023.08.10"]
[Round "6.26"]
[White "Wltschek, Christian"]
[Black "Klimpel, Siegfried"]
[Result "1/2-1/2"]
[WhiteElo "1808"]
[BlackElo "1718"]
[PlyCount "35"]
[EventDate "2023.??.??"]
[WhiteTeam "Post Regensburg"]
[BlackTeam "TSV Kareth-Lappersdorf"]

{[%evp 0,35,26,37,80,55,55,55,81,50,70,51,87,71,112,119,145,145,125,117,143,111,136,108,113,113,109,113,93,115,103,73,64,62,62,67,18,-68]} 1. e4 c5 2. Nf3 e6 3. Nc3 a6 4. g3 d6 5. Bg2 Ne7 6. O-O g6 7. d4 cxd4 8. Qxd4 e5 9. Qd3 h6 10. Rd1 Nec6 11. a3 Be6 12. Be3 Nd7 13. Nd5 Nc5 14. Qe2 Rc8 15. b4 Na4 16. Qd2 Bxd5 17. exd5 Ne7 18. Ne1 1/2-1/2

[Event "10. ArberSchach Festival Open 2023"]
[Site "Bodenmais"]
[Date "2023.08.10"]
[Round "6.29"]
[White "Hilbig, Dieter"]
[Black "Kühnl, Bernd"]
[Result "1-0"]
[WhiteElo "1867"]
[BlackElo "1719"]
[PlyCount "71"]
[EventDate "2023.??.??"]
[WhiteTeam "ESV Gera"]
[BlackTeam "VfL Gera"]

{[%evp 0,71,26,7,36,40,35,53,44,18,-6,-1,27,-25,-14,-19,-1,-36,-34,-43,-12,-1,3,8,23,26,42,-13,10,12,33,-6,23,4,59,43,94,41,63,28,34,23,73,74,99,67,128,139,140,138,124,113,141,143,141,137,140,104,131,59,87,85,87,87,98,79,80,77,120,119,123,125,337,334]} 1. e4 d5 2. exd5 Nf6 3. d4 Nxd5 4. h3 Bf5 5. Nf3 e6 6. c3 Be7 7. Nbd2 h6 8. Ne5 Nd7 9. Ndf3 c6 10. Bd3 Bxd3 11. Nxd3 Qc7 12. O-O O-O 13. Nfe5 Bd6 14. Re1 N5f6 15. f4 Rae8 16. Qf3 Kh7 17. Bd2 Re7 18. Nc4 Ree8 19. Nxd6 Qxd6 20. Re2 Qb8 21. Rae1 g6 22. Ne5 Nxe5 23. fxe5 Ng8 24. Re4 Qd8 25. g3 f5 26. exf6 Rxf6 27. Qe2 Qd7 28. Qg4 Qf7 29. Rf4 Rxf4 30. Qxf4 Qxf4 31. Bxf4 Kg7 32. Kf2 Kf7 33. Ke3 Ke7 34. Rf1 g5 35. Be5 Rf8 36. Bd6+ 1-0

[Event "10. ArberSchach Festival Open 2023"]
[Site "Bodenmais"]
[Date "2023.08.10"]
[Round "6.30"]
[White "Lanz, Udo"]
[Black "Blumenstock, Axel"]
[Result "0-1"]
[WhiteElo "1744"]
[BlackElo "1823"]
[PlyCount "66"]
[EventDate "2023.??.??"]
[WhiteTeam "VSG Offenbach"]
[BlackTeam "SF Taunus"]

{[%evp 0,66,26,20,55,57,50,37,24,5,36,28,77,88,88,83,59,54,75,48,31,10,10,-6,-11,6,22,-67,-33,-65,11,16,0,0,-6,-11,-20,-17,-34,-45,10,-4,43,-26,-35,-47,-76,-68,-78,-78,-78,-113,-96,-137,-113,-96,-110,-110,-93,-106,-103,-108,-96,-109,-106,-144,-113,-903,-881]} 1. e4 c5 2. Nf3 e6 3. d4 cxd4 4. Nxd4 Nc6 5. Be3 Qc7 6. Nc3 a6 7. Qd2 Nf6 8. f3 Ne5 9. a3 b5 10. Nb3 Bb7 11. Be2 Rc8 12. O-O Be7 13. Bd3 O-O 14. Qf2 Ng6 15. Bb6 Qb8 16. Rad1 d5 17. exd5 Nxd5 18. Nxd5 Bxd5 19. Bd4 Bc4 20. Nc5 Rfd8 21. Be3 Qe5 22. Bxc4 Rxd1 23. Rxd1 bxc4 24. Nxa6 Qxb2 25. a4 Qa3 26. g3 Qxa4 27. Nc5 Qc6 28. Ne4 f5 29. Nc3 Ne5 30. Rf1 Nf7 31. Ne2 e5 32. Rd1 Ng5 33. Rf1 Nh3+ {0-} 0-1

[Event "10. ArberSchach Festival Open 2023"]
[Site "Bodenmais"]
[Date "2023.08.12"]
[Round "8.1"]
[White "Schunk, Thomas"]
[Black "Pirrot, Dieter"]
[Result "1/2-1/2"]
[WhiteElo "2152"]
[BlackElo "2302"]
[PlyCount "25"]
[EventDate "2023.??.??"]
[WhiteTeam "SG Leipzig"]
[BlackTeam "SV Hofheim"]

{[%evp 0,25,19,-5,-20,3,-12,-30,-28,-85,-94,-72,-51,-60,-35,-28,-10,-12,-6,-18,-8,-36,-31,-27,-14,-11,-6,-85]} 1. c4 e5 2. Nc3 Nf6 3. e4 Bc5 4. g3 d6 5. h3 Nc6 6. Bg2 Nd4 7. d3 c6 8. Nge2 Be6 9. Nxd4 Bxd4 10. Ne2 Bb6 11. O-O Qd7 12. Kh2 h5 13. h4 1/2-1/2

[Event "10. ArberSchach Festival Open 2023"]
[Site "Bodenmais"]
[Date "2023.08.12"]
[Round "8.4"]
[White "Schatz, Christian"]
[Black "König, Dirk"]
[Result "1-0"]
[WhiteElo "2153"]
[BlackElo "1995"]
[PlyCount "31"]
[EventDate "2023.??.??"]
[WhiteTeam "SC Postbauer-Heng"]
[BlackTeam "SC Grunbach"]

{[%evp 0,31,19,29,27,27,29,9,37,-13,12,6,17,13,13,22,22,22,47,47,138,135,137,115,145,116,113,122,190,201,199,200,263,240]} 1. d4 d5 2. Nf3 Nf6 3. c4 c6 4. Qc2 g6 5. Bf4 Bf5 6. Qb3 Qb6 7. e3 Qxb3 8. axb3 Bxb1 9. Rxb1 Nh5 10. Bxb8 Rxb8 11. cxd5 e6 12. dxc6 bxc6 13. Bc4 Ng7 14. Ra1 Rb7 15. Ra6 Kd7 16. Ke2 1-0

[Event "10. ArberSchach Festival Open 2023"]
[Site "Bodenmais"]
[Date "2023.08.12"]
[Round "8.5"]
[White "Paus, Franz"]
[Black "Senner, Peter"]
[Result "0-1"]
[WhiteElo "1994"]
[BlackElo "2158"]
[PlyCount "96"]
[EventDate "2023.??.??"]
[WhiteTeam "Schachfüchse Kempen"]
[BlackTeam "SC TH/Bad Wörishofen"]

{[%evp 0,96,19,29,36,13,66,40,38,30,60,38,74,53,78,66,57,73,73,56,85,41,45,29,25,41,19,12,22,23,41,17,22,27,23,20,14,-12,32,30,62,-2,19,23,23,0,0,-12,-6,-12,-8,-2,74,-42,87,32,20,16,12,-9,-6,-2,10,0,56,2,32,-274,-278,-273,-289,-293,-278,-286,-282,-289,-284,-284,-219,-255,-292,-300,-208,-239,-173,-295,-299,-374,-447,-29993,-661,-879,-891,-1176,-902,-927,-1225,-1298,-1120]} 1. d4 e6 2. Nf3 f5 3. c4 Nf6 4. e3 d5 5. Be2 c6 6. O-O Bd6 7. b3 Qe7 8. Ne5 O-O 9. Bb2 b6 10. Nd2 Bb7 11. Ndf3 Nbd7 12. Rc1 Rac8 13. a4 a5 14. cxd5 exd5 15. Bd3 Ne4 16. Nxd7 Qxd7 17. Ne5 Qe6 18. f3 Ng5 19. Qe2 c5 20. h4 Nf7 21. f4 Be7 22. g3 Nd6 23. Kh2 Rc7 24. Rc2 Rfc8 25. Rfc1 Qh6 26. Nf3 Kf8 27. Qf1 Qe6 28. Ne5 Ne4 29. Bb5 Bd6 30. Bd3 Nf6 31. Be2 Bc6 32. Qd1 Be8 33. Bb5 Bxb5 34. axb5 Bxe5 35. fxe5 Ng4+ 36. Kg1 Nxe3 37. Qd3 Nxc2 38. Rxc2 c4 39. bxc4 Rxc4 40. Rf2 g6 41. g4 Ke7 42. gxf5 gxf5 43. Rxf5 Qg6+ 44. Kh2 Rg8 45. Qa3+ Ke8 46. Rg5 Qc2+ 47. Kh3 Rxg5 48. hxg5 Rb4 0-1

[Event "10. ArberSchach Festival Open 2023"]
[Site "Bodenmais"]
[Date "2023.08.12"]
[Round "8.6"]
[White "Fuchs, Michael"]
[Black "Kneutgen, Alexander"]
[Result "1/2-1/2"]
[WhiteElo "1988"]
[BlackElo "2061"]
[PlyCount "20"]
[EventDate "2023.??.??"]
[WhiteTeam "DJK SF Haselbach"]
[BlackTeam "SG Niederkassel"]

{[%evp 0,20,19,35,46,-4,90,66,55,38,38,25,84,74,92,74,97,15,41,31,72,81,75]} 1. e4 e6 2. d3 g6 3. Nf3 Bg7 4. d4 d5 5. Nc3 dxe4 6. Nxe4 Bd7 7. Bd3 Bc6 8. Be3 Nd7 9. O-O Bxe4 10. Bxe4 c6 1/2-1/2